000 00968cam a2200217 4500
001 WB3946-05
008 031202n2003 000 0 eng u
035 _a(Sirsi) u124549
245 _aLeeds top UK city
260 _c2003
490 _aPlanning (for the Natural and Built Environment)
_v28 November 2003, 4(1)
520 _aLeeds is the UK's best city to live in, according to research by Henley Management College. The poll measured residents' attitudes in Britain's eight largest cities, towards public transport, amenities, cleanliness and entertainment. Birmingham and Liverpool came second and third. London which came only sixth, scored high marks for entertainment but scored poorly on other public issues. "Urban behaviours" is available at http://www.teleconomy.co.uk.
590 _aWB
650 _aRANKINGS
650 _aLEEDS
650 _aBIRMINGHAM
650 _aLIVERPOOL
650 _aLONDON
690 _aECONOMIC ISSUES
942 _n0
999 _c73913
_d73913